[Event "ch-SLO w"]
[Site "Ljubljana SLO"]
[Date "2008.08.19"]
[Round "3"]
[White "Srebrnic,A"]
[Black "Krivec,J"]
[Result "1-0"]
[WhiteElo "2268"]
[BlackElo "2337"]

1.Nf3 d5 2.d4 Nf6 3.c4 dxc4 4.e3 e6 5.Bxc4 c5 6.Qe2 a6 7.dxc5 Bxc5 8.O-O Nc6
9.a3 Bd6 10.Nbd2 O-O 11.b4 h6 12.Bb2 e5 13.Bd3 Qe7 14.Ne4 Nxe4 15.Bxe4 Bd7
16.Rfd1 f5 17.Bd5+ Kh7 18.e4 f4 19.Rd2 Rf6 20.Rad1 Rg6 21.Kh1 Nd8 22.Bc4 Ba4
23.Rc1 Bd7 24.Bxe5 Bh3 25.gxh3 Bxe5 26.Rcd1 Nc6 27.Rd7 Qf8 28.Bd5 Bd6 29.e5 Be7
30.Be4 Qe8 31.Qd3 Rd8 32.Rxd8 Bxd8 33.Rg1 Ne7 34.Nh4  1-0

[Event "Open A"]
[Site "Vladimir RUS"]
[Date "2008.08.20"]
[Round "8"]
[White "Lavrik,D"]
[Black "Krylov,M RUS"]
[Result "1-0"]
[WhiteElo "2387"]
[BlackElo "2462"]

1.d4 d5 2.Nf3 Nf6 3.c4 dxc4 4.e3 e6 5.Bxc4 c5 6.O-O a6 7.dxc5 Bxc5 8.a3 O-O
9.b4 Qxd1 10.Rxd1 Be7 11.Bb2 Nbd7 12.Nbd2 b5 13.Be2 Bb7 14.Nb3 Rac8 15.Na5 Bd5
16.Rac1 Nb6 17.Ne5 Rxc1 18.Rxc1 Rc8 19.Rxc8+ Nxc8 20.f3 Ne8 21.Nec6 Bf8 22.Nb8 Nc7
23.e4 Ba2 24.Nb7 f6 25.Bd4 Bc4 26.Kf2 Bxe2 27.Kxe2 Nd6 28.Na5 Nc4 29.Nxc4 bxc4
30.Kd2 Bd6 31.e5 fxe5 32.Bc5 Bxc5 33.bxc5 Nd5 34.Nxa6 Kf7 35.Nb8 Ke7 36.a4 Kd8
37.Nc6+ Kc7 38.Nxe5 c3+ 39.Kd3 Kb7 40.g3 g6 41.f4 Kc7 42.Nf3 Kc6 43.Kc4 Ne3+
44.Kxc3 Kxc5 45.Kd3 Nc4 46.Ke4 h6 47.Ne5 Nd6+ 48.Kf3 g5 49.fxg5 hxg5 50.Kg4 Kd5
51.Nf3 e5 52.a5 e4 53.Nxg5 e3 54.Kf3 Kd4 55.Ne6+ Kd3 56.a6 Nb5 57.Nf4+ Kd2
58.h4 Nd4+ 59.Kg2  1-0

[Event "UAE President's Cup"]
[Site "Al Ain UAE"]
[Date "2008.08.24"]
[Round "2"]
[White "Othman,A"]
[Black "Marwan,A"]
[Result "1/2-1/2"]
[WhiteElo "2327"]
[BlackElo "2078"]

1.d4 d5 2.c4 dxc4 3.e3 Nf6 4.Bxc4 e6 5.Nf3 c5 6.O-O a6 7.Qe2 b5 8.Bd3 Bb7
9.dxc5 Nc6 10.Rd1 Qc7 11.a4 b4 12.Nbd2 Bxc5 13.Nb3 Bd6 14.e4 O-O 15.Bg5 Nd7
16.Rac1 Bf4 17.Bxf4 Qxf4 18.g3 Qf6 19.Bb1 Qe7 20.e5 Rfd8 21.Be4 Rac8 22.Qe3 Ndb8
23.Rxd8+ Nxd8 24.Rxc8 Bxc8 25.Qb6 Nb7 26.Nfd4 g6 27.h4 Kg7 28.Kg2 Nd7 29.Qxa6 Nxe5
30.Qb5 f6 31.f4 Nf7 32.Bf3 e5 33.Nc6 Qe6 34.Qxb4 exf4 35.gxf4 Qh3+ 36.Kf2 Qxh4+
37.Ke3 Nbd6 38.Ne7 Ba6 39.Nc5 Nc4+ 40.Kd3 Nce5+ 41.Ke3 Bc8 42.Nxc8 Nxf3 43.Ne6+ Kh6
44.Qf8+ Kh5 45.Qxf7 Kg4 46.Nd4 Qe1+ 47.Ne2 Qd2+ 48.Kf2 Qe1+ 49.Ke3 Qd2+ 50.Kf2 Qe1+  1/2-1/2

[Event "X Sants Open"]
[Site "Barcelona ESP"]
[Date "2008.08.24"]
[Round "3"]
[White "Oms Pallisse,J"]
[Black "Hernandez,I PER"]
[Result "1-0"]
[WhiteElo "2514"]
[BlackElo "2344"]

1.d4 d5 2.c4 dxc4 3.Nf3 Nf6 4.e3 e6 5.Bxc4 c5 6.O-O a6 7.Bb3 b5 8.a4 b4 9.Nbd2 Be7
10.e4 cxd4 11.e5 Nfd7 12.Nc4 Nc5 13.Nxd4 O-O 14.Be3 Bb7 15.Qg4 Kh8 16.Bc2 Nbd7
17.Rad1 Rc8 18.Nf3 b3 19.Bb1 Bd5 20.Ng5 Bxg5 21.Bxg5 Qc7 22.Qh4 f5 23.exf6 Nxf6
24.Nb6 Rcd8 25.Rc1 Kg8 26.Be3 Qxb6 27.Bxc5 Qb7 28.Bxf8 Rxf8 29.Qg3 Rc8 30.f3 Qb6+
31.Qf2 Qxf2+ 32.Kxf2 Rb8 33.Bd3 Rb4 34.a5 Nd7 35.Bxa6 Ne5 36.Ra1 Kf7 37.Rfc1 Ke7
38.Be2 Kd6 39.a6 Nd7 40.a7  1-0

[Event "U16 Olympiad"]
[Site "Mersin TUR"]
[Date "2008.08.24"]
[Round "10"]
[White "Hasenohr,B"]
[Black "Jacimovic,Sa"]
[Result "1-0"]
[WhiteElo "2021"]
[BlackElo "1799"]

1.d4 d5 2.c4 dxc4 3.Nf3 Nf6 4.e3 e6 5.Bxc4 c5 6.O-O Nc6 7.Nc3 Be7 8.Re1 O-O
9.a3 a6 10.Ba2 b5 11.Bb1 Re8 12.Qc2 h6 13.Ne4 g6 14.Nxc5 Qd6 15.Nd3 Nd7 16.Bd2 a5
17.Bc3 Bf6 18.Rd1 Bb7 19.b3 Rac8 20.Qd2 Qc7 21.Nf4 Ne7 22.Bxa5 Qb8 23.Bd3 Bxf3
24.gxf3 e5 25.Ng2 exd4 26.exd4 Nc6 27.Bc3 Bxd4 28.Bxg6 Bxc3 29.Qxd7 fxg6
30.Rac1 Nd4 31.Qd5+ Kh8 32.Rxd4 Bxd4 33.Qxd4+ Kg8 34.Qd5+ Kf8 35.Rf1 Qe5
36.Qd2 g5 37.Qd3 Kg7 38.Re1 Qc5 39.Ne3 Rf8 40.b4 Qc3 41.Qd7+ Kh8 42.Rf1 Qe5
43.Ng4 Qg7 44.Qxb5 h5 45.Ne3 Rxf3 46.Qd5 Rcf8 47.Nc4 Qf6 48.Qe5 Kg7 49.a4 Rf4
50.Qxf6+ Kxf6 51.Ne3 Kg7 52.Rb1 Rb8 53.Nc2 Rc4 54.Rb2 h4 55.h3 Rc3 56.Kg2 Rc4
57.a5 Rf4 58.a6 Rf7 59.Ra2 Ra7 60.Nd4 Rb6 61.b5 Kf6 62.Nc6 Ra8 63.Nd4 Ke7
64.Kf3 Kd6 65.Ra4 Kc5 66.Ke4 Rf6 67.Kd3 Rd6 68.Rc4+ Kb6 69.f3 Rf8 70.Kc3 Rf4
71.Ra4 Rf8 72.a7 Rc8+ 73.Kd3 Ra8 74.Ra6+ Kc7 75.Rxd6 Kxd6 76.b6  1-0

[Event "17th Korensky Memorial"]
[Site "Tambow RUS"]
[Date "2008.08.26"]
[Round "5"]
[White "Balashov,Y"]
[Black "Kupreichik,V"]
[Result "1/2-1/2"]
[WhiteElo "2407"]
[BlackElo "2403"]

1.d4 d5 2.c4 dxc4 3.e3 Nf6 4.Bxc4 e6 5.Nf3 c5 6.O-O Nc6 7.dxc5 Bxc5 8.Qxd8+ Kxd8
9.Nbd2 Ke7 10.b3 Rd8 11.Bb2  1/2-1/2

[Event "UAE President's Cup"]
[Site "Al Ain UAE"]
[Date "2008.08.27"]
[Round "6"]
[White "Ali,Ab"]
[Black "Saeed,I"]
[Result "1-0"]
[WhiteElo "2130"]
[BlackElo "2219"]

1.d4 d5 2.Nf3 Nf6 3.e3 c6 4.c4 e6 5.Bd3 dxc4 6.Bxc4 c5 7.O-O a6 8.a4 Nc6
9.Nc3 Qc7 10.d5 Na5 11.Ba2 Bd6 12.e4 O-O 13.Re1 Ng4 14.h3 Ne5 15.Nxe5 Bxe5
16.Ne2 exd5 17.f4 Bf6 18.Bxd5 Be6 19.Bxe6 fxe6 20.Qc2 b5 21.e5 Be7 22.Kh1 Rac8
23.axb5 axb5 24.Nc3 Rb8 25.Ne4 c4 26.Be3 Ra8 27.Red1 Nc6 28.Rxa8 Rxa8 29.Nd6 Rb8
30.Qe4 Rd8 31.f5 Bxd6 32.exd6 Rxd6 33.Rxd6 Qxd6 34.fxe6 h6 35.Qf5 Qe5 36.Qf7+ Kh7
37.Bf4 Qc5 38.Qd7 Qd4 39.Qxd4 Nxd4 40.e7  1-0

[Event "SuperLiga-ROM"]
[Site "Eforie Nord ROM"]
[Date "2008.09.02"]
[Round "2"]
[White "Itkis,B"]
[Black "Foisor,O"]
[Result "1/2-1/2"]
[WhiteElo "2447"]
[BlackElo "2410"]

1.d4 d5 2.c4 dxc4 3.Nf3 Nf6 4.e3 e6 5.Bxc4 c5 6.O-O a6 7.Bb3 b5 8.a4 Bb7
9.axb5 axb5 10.Rxa8 Bxa8 11.dxc5 Qxd1 12.Rxd1 Bxc5 13.Nc3 b4 14.Na4 Nbd7
15.Ne5 Be7 16.Nxd7 Nxd7 17.Bd2 Bd6 18.Rc1 Ke7 19.f3 f5 20.h3 Bb7 21.e4 fxe4
22.fxe4 Rc8 23.Bg5+ Nf6 24.Re1 Be5 25.Bd2 Bxe4 26.Bxb4+ Kf7 27.Bc3 Bxc3 28.Nxc3 Rb8
29.Bxe6+ Kxe6 30.Nxe4 Rxb2 31.Ng3+ Kf7 32.Nf5 Kg6 33.Ne7+  1/2-1/2

[Event "Open"]
[Site "Herzliya ISR"]
[Date "2008.09.03"]
[Round "2"]
[White "Gunsherovich,I"]
[Black "Haitovich,A"]
[Result "0-1"]
[WhiteElo "2095"]
[BlackElo "1871"]

1.d4 d5 2.c4 dxc4 3.e3 Nf6 4.Bxc4 e6 5.Nf3 c5 6.O-O a6 7.Bb3 b5 8.Nc3 Bb7
9.Bd2 Be7 10.Rc1 Nbd7 11.Ne2 O-O 12.Ng3 Rc8 13.Qe2 Qb6 14.Rfd1 Rfd8 15.Bc2 Bxf3
16.Qxf3 cxd4 17.exd4 Qxd4 18.Ba5 Qxb2 19.Bxd8 Rxd8 20.Bb3 g6 21.Qb7 Qa3 22.Rc7 Bd6
23.Rc8 Rxc8 24.Qxc8+ Kg7 25.Qc6 Bc5 26.Ne4 Nxe4 27.Qxe4 Nf6 28.Qe5 Be7 29.h3 Qb4
30.Rc1 Bd6 31.Qe2 Qf4 32.Qc2 Qh2+ 33.Kf1 Qh1+ 34.Ke2 Qxg2 35.Qc6 Ne4 36.Kd1 Qf3+
37.Kc2 Qe2+ 38.Kb1 Nd2+  0-1

[Event "7th Open"]
[Site "Izmir TUR"]
[Date "2008.09.05"]
[Round "8"]
[White "Sulashvili,M"]
[Black "Yildiz,B"]
[Result "1-0"]
[WhiteElo "2499"]
[BlackElo "2236"]

1.d4 d5 2.c4 dxc4 3.Nf3 Nf6 4.e3 e6 5.Bxc4 c5 6.O-O a6 7.dxc5 Bxc5 8.Qxd8+ Kxd8
9.Nbd2 b6 10.Ng5 Ke7 11.Nge4 Nxe4 12.Nxe4 Nd7 13.Nxc5 Nxc5 14.b4 Nd7 15.a4 Bb7
16.Ba3 Rhc8 17.Rfc1 Ke8 18.Bb2 Kf8 19.f3 Rc7 20.Bd3 Rac8 21.Rd1 h6 22.Rd2 Nb8
23.Rad1 Bd5 24.Be5 Ra7 25.Be4 Bxe4 26.Rd8+ Rxd8 27.Rxd8+ Ke7 28.Rxb8 Bc2
29.Bxg7 h5 30.Bd4 Bxa4 31.Rxb6 Ra8 32.Rb7+ Kf8 33.Kf2 Rc8 34.Bf6 Kg8 35.Kg3 Rc2
36.Kh4 Kh7 37.Rxf7+ Kg6 38.Rf8 Rc4+ 39.e4 Rxb4 40.Be5 Bb3 41.Rf6+  1-0

[Event "SuperLiga-ROM"]
[Site "Eforie Nord ROM"]
[Date "2008.09.06"]
[Round "6"]
[White "Filip,L"]
[Black "Foisor,O"]
[Result "1/2-1/2"]
[WhiteElo "2461"]
[BlackElo "2410"]

1.Nf3 d5 2.d4 Nf6 3.c4 dxc4 4.e3 e6 5.Bxc4 c5 6.O-O a6 7.Bb3 b5 8.a4 Bb7
9.axb5 axb5 10.Rxa8 Bxa8 11.Nc3 c4 12.Bc2 b4 13.Ba4+ Nbd7 14.Nb1 Bd6 15.Nbd2 Qc7
16.Qe2 c3 17.Nc4 O-O 18.Nxd6 Qxd6 19.Bc2 Ne4 20.bxc3  1/2-1/2

[Event "ch-ISL"]
[Site "Reykjavik ISL"]
[Date "2008.09.06"]
[Round "11"]
[White "Thorfinnsson,Br"]
[Black "Thorhallsson,T"]
[Result "0-1"]
[WhiteElo "2387"]
[BlackElo "2449"]

1.d4 d5 2.c4 dxc4 3.Nf3 Nf6 4.e3 e6 5.Bxc4 c5 6.O-O a6 7.Bb3 Nc6 8.Qe2 cxd4
9.Rd1 Be7 10.exd4 Na5 11.Bc2 b5 12.Nc3 Bb7 13.Bg5 O-O 14.d5 exd5 15.Nd4 Re8
16.Nf5 Bf8 17.Qd3 g6 18.Qd4 Re6 19.Qh4 Qb6 20.Nd4 Rd6 21.Bf4 Rd7 22.Bf5 Re7
23.Rd3 Rae8 24.Rf1 Bg7 25.Bg5 Re1 26.Be3 Rxf1+ 27.Kxf1 Nc4 28.Bh3 Ne4 29.b3 Nxe3+
30.fxe3 Qc7 31.Nxe4 Rxe4 32.Qg3 Be5 33.Qe1 Bxh2 34.Nf3 Bg3 35.Qd2 Qe7 36.Qc1 d4
37.exd4 Bd5 38.Rd1 Re3 39.Ne5 Qf6+ 40.Kg1 Bf2+ 41.Kf1 Bh4+ 42.Kg1 Qf2+ 43.Kh2 Rxh3+  0-1

[Event "5th LGA Premium Cup"]
[Site "Nuernberg GER"]
[Date "2008.09.07"]
[Round "7"]
[White "Unzicker,F"]
[Black "Klundt,K"]
[Result "1/2-1/2"]
[WhiteElo "2308"]
[BlackElo "2361"]

1.d4 d5 2.c4 dxc4 3.Nf3 Nf6 4.e3 e6 5.Bxc4 c5 6.Qe2 a6 7.dxc5 Bxc5 8.O-O O-O
9.e4 b5 10.Bd3 Bb7 11.e5 Bxf3 12.Qxf3 Nd5 13.Nc3 Nc6 14.Re1 Qb6 15.Bg5 Nxc3
16.bxc3 Ra7 17.Rad1 Ne7 18.Bb1 Rd8 19.Rxd8+ Qxd8 20.Rd1  1/2-1/2

[Event "SuperLiga-ROM"]
[Site "Eforie Nord ROM"]
[Date "2008.09.09"]
[Round "9"]
[White "Jianu,V"]
[Black "Foisor,O"]
[Result "1/2-1/2"]
[WhiteElo "2522"]
[BlackElo "2410"]

1.d4 d5 2.c4 dxc4 3.Nf3 Nf6 4.e3 e6 5.Bxc4 c5 6.O-O a6 7.b3 Nc6 8.Bb2 cxd4
9.Nxd4 Bd7 10.Nd2 Be7 11.N2f3 O-O 12.Qe2 Nxd4 13.Bxd4 Bc6 14.Rfd1 Qe8 15.Ne5  1/2-1/2

[Event "1st Women It"]
[Site "Tashkent UZB"]
[Date "2008.09.10"]
[Round "6"]
[White "Gevorgyan,I"]
[Black "Nodirjanova,N"]
[Result "1/2-1/2"]
[WhiteElo "2154"]
[BlackElo "2118"]

1.Nf3 Nf6 2.d4 d5 3.c4 dxc4 4.e3 e6 5.Bxc4 c5 6.O-O a6 7.dxc5 Qxd1 8.Rxd1 Bxc5
9.b3 Nbd7 10.Bb2 O-O 11.Nbd2 b5 12.Be2 Bb7 13.a4 bxa4 14.Rxa4 Nb6 15.Raa1 Rfd8
16.Ne5 Nfd5 17.Ndc4 Nxc4 18.Nxc4 Nb4 19.Be5 Bd5 20.Rac1 f6 21.Bd4 Bf8 22.Na5 Rac8
23.Bb6 Re8 24.f3 f5 25.Kf1 Be7 26.Bc4 Bf6 27.Kf2 Kf7 28.Bxd5 Rxc1 29.Rxc1 Nd3+
30.Kf1 Nxc1 31.Bc4 Bd8 32.Bxd8 Rxd8 33.Nc6 Rd6 34.Nd4 Kf6 35.Ke1 Na2 36.f4 e5
37.fxe5+ Kxe5 38.g3 a5 39.Kd2 Nb4 40.Ke2 g5 41.Nf3+ Kf6 42.h4 gxh4 43.gxh4 Rd7
44.Nd4 Rg7 45.Kf2 Rg4 46.h5 Rh4 47.Be2 Rh2+ 48.Kg3 Rh1 49.Bf3 Rc1 50.Kf2 Nd3+
51.Ke2 Ne5 52.Bd5 Rg1 53.h6 Ng4 54.Nc6 Ra1 55.e4 Nxh6 56.e5+ Kg7 57.e6 Ng8
58.e7 Nf6 59.Ne5 Rc1 60.Bc4 Ne8 61.Kd2 Ra1 62.Bb5 Kf6 63.Bxe8 Kxe7 64.Bb5 h5
65.Nf3 Kf6 66.Ke3 Rc1 67.Kd2 Rc8 68.Kd3 Rg8 69.Ke3 Rg4 70.Bf1 Rb4 71.Nd4 Kg5
72.Bg2 h4 73.Bh3 a4 74.bxa4 Rxa4 75.Nf3+ Kf6 76.Kf2 Ra3 77.Bf1 Ra2+ 78.Ke3 Ra1
79.Kf2 Ra4 80.Bh3 Kg6 81.Ke2  1/2-1/2

[Event "IV Geller Memorial"]
[Site "Odessa UKR"]
[Date "2008.09.11"]
[Round "3"]
[White "Makarov,P"]
[Black "Bogdanovich,S"]
[Result "0-1"]
[WhiteElo "2161"]
[BlackElo "2299"]

1.d4 d5 2.c4 dxc4 3.e3 Nf6 4.Bxc4 e6 5.Nf3 c5 6.O-O Nc6 7.Qe2 a6 8.a4 Qc7
9.dxc5 Bxc5 10.Nc3 O-O 11.e4 Ng4 12.g3 Bd7 13.Bf4 Bd6 14.Bxd6 Qxd6 15.Rfd1 Qc7
16.Rac1 Rfd8 17.Ng5 Nge5 18.Ba2 h6 19.Nf3 Be8 20.Nxe5 Qxe5 21.Qe3 Qa5 22.Kg2 Qb4
23.Rb1 Na5 24.Qe2 Bxa4 25.Nxa4 Qxa4 26.b4 Rxd1 27.Rxd1 Qxb4 28.Rd7 Nc6 29.f4 Rd8
30.Rxd8+ Nxd8 31.f5 Qd6 32.Qc2 exf5  0-1

[Event "TCh-SRB 1st League"]
[Site "Subotica SRB"]
[Date "2008.09.11"]
[Round "10"]
[White "Damljanovic,B"]
[Black "Marjanovic,Slavo"]
[Result "1/2-1/2"]
[WhiteElo "2579"]
[BlackElo "2479"]

1.d4 d5 2.Nf3 e6 3.c4 dxc4 4.e3 c5 5.Bxc4 Nf6 6.O-O a6 7.Qe2 b5 8.Bb3 Bb7
9.Rd1 Nbd7 10.e4 cxd4 11.e5 Bxf3 12.gxf3 Nh5 13.Rxd4 Qc7 14.Nc3 Qxe5 15.Re4 Qf5
16.Bc2 Nhf6 17.a4 Bd6 18.Rh4 Qe5 19.axb5 Qxe2 20.Nxe2 Rc8 21.Ba4 axb5 22.Bxb5 Rb8
23.Nc3 Ke7 24.Ra7 Bc5 25.Ra2 h6 26.Kg2 Rhc8 27.Rha4 Rc7 28.Bd2 Rcb7 29.Bxd7 Kxd7
30.Bc1 Rb4 31.Rxb4 Rxb4 32.Be3 Bxe3 33.fxe3 Nd5 34.Nd1 f5 35.Ra7+ Nc7 36.Ra3 g5
37.Rd3+ Nd5 38.b3 Ke7 39.Nc3 Nxc3 40.Rxc3 h5 41.h3 e5 42.Rc7+ Ke6 43.Rc6+ Kf7
44.Rc7+ Ke6 45.Rc6+ Kf7  1/2-1/2

[Event "II ROMGAZ Open"]
[Site "Bucharest ROU"]
[Date "2008.09.13"]
[Round "3"]
[White "Manolache,M"]
[Black "Soltanici,R"]
[Result "1-0"]
[WhiteElo "2521"]
[BlackElo "2421"]

1.d4 d5 2.Nf3 Nf6 3.c4 dxc4 4.e3 e6 5.Bxc4 c5 6.O-O a6 7.Bd3 Nc6 8.Nc3 cxd4
9.exd4 Be7 10.a3 O-O 11.Re1 b5 12.Bg5 Bb7 13.Qd2 g6 14.Bc2 Na5 15.Ne5 Nd5
16.Bxe7 Nxe7 17.Qh6 Nf5 18.Bxf5 exf5 19.d5 Qd6 20.Re3 Rfe8 21.Rae1 Qf8 22.Qh4 Rad8
23.Nd7 Rxe3 24.Nf6+ Kg7 25.Rxe3 h6 26.Qd4 Kh8 27.Rh3 Qg7 28.Qe5 Nc4 29.Qe7 Rb8
30.Ne8  1-0

[Event "IV Geller Memorial"]
[Site "Odessa UKR"]
[Date "2008.09.16"]
[Round "8"]
[White "Drozdovskij,Y"]
[Black "Bogdanovich,S"]
[Result "1/2-1/2"]
[WhiteElo "2587"]
[BlackElo "2299"]

1.d4 d5 2.c4 dxc4 3.Nf3 Nf6 4.e3 e6 5.Bxc4 c5 6.O-O Nc6 7.a3 a6 8.dxc5 Bxc5
9.b4 Qxd1 10.Rxd1 Be7 11.Bb2 O-O 12.Nbd2 b5 13.Be2 Bb7 14.Nb3 Rfd8 15.Ne1 Rxd1
16.Rxd1 Rd8 17.Rc1 Nd7 18.Nd3 Rc8 19.Ndc5 Nxc5 20.Nxc5 Na5 21.Nxb7 Rxc1+
22.Bxc1 Nxb7 23.Kf1 Bf6 24.Ke1 Nd6 25.Kd2 Kf8 26.Kd3 Ba1 27.e4 Nc4 28.Kc2 Nd6
29.f3 Bd4 30.Kd3 e5 31.Bd1 Ke7 32.Bb3 f6 33.f4 h6 34.Bd5 g5 35.fxg5 fxg5
36.h4 Kf6 37.Ke2 Kg6 38.hxg5 hxg5 39.Kf3 Kh5 40.Be6 Kh6 41.Kg4 Nxe4 42.Bc8 Nd6
43.Bxg5+ Kg6 44.Be6 Bb2 45.Be7 Nc4 46.Bc8 Bxa3 47.Bxa6 Ne3+ 48.Kf3 Nd5 49.Bd6 Bxb4
50.Bxe5 Bc3 51.Bd6 b4 52.Bc4 Nf6 53.g4 Nxg4 54.Kxg4 Kg7 55.Bxb4  1/2-1/2

[Event "EYg14"]
[Site "Herceg Novi MNE"]
[Date "2008.09.21"]
[Round "6"]
[White "Vasina,O"]
[Black "Samigullina,D"]
[Result "0-1"]
[WhiteElo "1988"]
[BlackElo "2102"]

1.Nf3 d5 2.d4 Nf6 3.c4 dxc4 4.e3 e6 5.Bxc4 c5 6.O-O a6 7.a4 b6 8.Nc3 Bb7
9.Qe2 cxd4 10.exd4 Be7 11.Bg5 O-O 12.Bxf6 Bxf6 13.Rad1 Qc8 14.Bb3 Nd7 15.Rfe1 Rd8
16.Qe3 Qc7 17.Rc1 Qd6 18.Rcd1 Qb4 19.Ne2 Nf8 20.Rc1 Rac8 21.Rxc8 Rxc8 22.Rd1 Rd8
23.Qc3 Qd6 24.h3 Ng6 25.Ne5 Rc8 26.Qg3 Nxe5 27.dxe5 Qxe5 28.Nf4 Qxb2 29.Nxe6 fxe6
30.Bxe6+ Kh8 31.Bxc8 Bxc8 32.Qc7 Be6 33.Qb8+ Bg8 34.Qf4 b5 35.axb5 Qxb5 36.h4 Qh5
37.Re1 h6 38.g3 a5 39.Qb8 a4 40.Qa8 Qb5 41.Re3 Bb2 42.Re6 a3 43.Qf8 Qc4 44.Re1 a2
45.Qa8 Qc3  0-1

[Event "EYg14"]
[Site "Herceg Novi MNE"]
[Date "2008.09.23"]
[Round "8"]
[White "Eid,M"]
[Black "Foisor,M"]
[Result "1/2-1/2"]
[WhiteElo "1953"]
[BlackElo "2090"]

1.d4 d5 2.c4 dxc4 3.e3 Nf6 4.Bxc4 e6 5.Nf3 c5 6.O-O a6 7.dxc5 Qxd1 8.Rxd1 Bxc5
9.Nc3 b5 10.Be2 Bb7 11.a3 Nbd7 12.b4 Be7 13.Bb2 O-O 14.Nd2 Nb6 15.Nb3 Rfc8
16.Rac1 Rc7 17.f3 Rac8 18.e4 Nfd7 19.f4 g5 20.g3 gxf4 21.gxf4 Nf6 22.Bd3 Ba8
23.Rc2  1/2-1/2

[Event "EYb12"]
[Site "Herceg Novi MNE"]
[Date "2008.09.24"]
[Round "9"]
[White "Sanzhaev,D"]
[Black "Santos Latasa,J"]
[Result "1-0"]
[WhiteElo "2064"]
[BlackElo "2052"]

1.d4 d5 2.c4 dxc4 3.Nf3 Nf6 4.e3 e6 5.Bxc4 c5 6.O-O a6 7.e4 Nxe4 8.d5 b5
9.dxe6 Bxe6 10.Qxd8+ Kxd8 11.Bxe6 fxe6 12.Re1 Nf6 13.Bg5 Ke7 14.Nc3 Nd7 15.Rad1 Nb6
16.Ne5 Rc8 17.f4 g6 18.Ne4 Bg7 19.Ng4 Nd5 20.Rxd5 exd5 21.Nexf6+ Kd6 22.Re5 Bxf6
23.Nxf6 d4 24.Ne4+ Kc6 25.Bf6 Rhe8 26.Rxc5+ Kb6 27.Rxc8 Rxc8 28.Bxd4+ Kc6
29.Nf6 Rd8 30.Bc3 a5 31.a3 Rf8 32.Kf2 b4 33.axb4 axb4 34.Be5 h5 35.Ke2 Rd8
36.h4 Ra8 37.Ke3 Ra1 38.Nh7 Kd5 39.Nf8 Ra6 40.Nd7 Ra7 41.Nb6+ Ke6 42.Kf3 Ra1
43.Nc4 Rh1 44.g3 Rg1 45.Ne3 Rc1 46.Ke4 Re1 47.Kd3 Rg1 48.Kd4 Rb1 49.Ke4 Re1
50.Kf3 Rc1 51.Kf2 Rh1 52.Nf1  1-0

[Event "Podillya It"]
[Site "Khmelnitsky UKR"]
[Date "2008.09.27"]
[Round "1"]
[White "Lutsko,I"]
[Black "Razin,V"]
[Result "1-0"]
[WhiteElo "2399"]
[BlackElo "2288"]

1.d4 d5 2.c4 dxc4 3.Nf3 Nf6 4.e3 e6 5.Bxc4 c5 6.O-O a6 7.e4 cxd4 8.e5 Nfd7
9.Bg5 Qc7 10.Nbd2 Nc6 11.Rc1 h6 12.Bf4 Nc5 13.Nb3 Nxb3 14.Bxb3 Qb6 15.Nd2 Bd7
16.Nc4 Qd8 17.Qg4 g6 18.Rfd1 Be7 19.h4 Kf8 20.h5 g5 21.Bg3 Rg8 22.Bc2 Rc8
23.a3 Na5 24.Nd6 Bxd6 25.exd6 Nc6 26.Qe2 Kg7 27.f4 Kh8 28.Rf1 f5 29.Bd3 Qf6
30.Rc5 Rce8  1-0

[Event "Podillya It"]
[Site "Khmelnitsky UKR"]
[Date "2008.09.28"]
[Round "2"]
[White "Razin,V"]
[Black "Nyzhnyk,I"]
[Result "0-1"]
[WhiteElo "2288"]
[BlackElo "2428"]

1.d4 d5 2.Nf3 Nf6 3.c4 dxc4 4.e3 e6 5.Bxc4 c5 6.O-O a6 7.dxc5 Qxd1 8.Rxd1 Bxc5
9.Nbd2 Ke7 10.Nb3 Bd6 11.Bd2 b6 12.Bc3 Bb7 13.Ne5 Ne4 14.Bd4 f6 15.Nf3 Nd7
16.Nfd2 Nxd2 17.Rxd2 Rac8 18.Bd3 Bb4 19.Re2 e5 20.a3 Bd6 21.Bc3 Bd5 22.Nd2 Nc5
23.Bc2 g6 24.f3 Rhd8 25.Rd1 Be6 26.Ne4 Nxe4 27.Bxe4 a5 28.Red2 Bb3 29.Bc2 Bxc2
30.Rxc2 Bc5 31.Re1 Rd3 32.Kf2 Ke6 33.Rd2 Rcd8 34.Rxd3 Rxd3 35.Re2 f5 36.Bd2 f4
37.Bc1 Rd1  0-1

[Event "ch-Commonwealth"]
[Site "Nagpur IND"]
[Date "2008.09.28"]
[Round "1"]
[White "Atishay,A"]
[Black "Murali Krishnan,B"]
[Result "0-1"]
[WhiteElo "1931"]
[BlackElo "2412"]

1.d4 d5 2.Nf3 Nf6 3.c4 dxc4 4.e3 e6 5.Bxc4 c5 6.O-O Nc6 7.Nc3 a6 8.Bb3 Be7
9.Qe2 cxd4 10.Rd1 O-O 11.exd4 Na5 12.Bc2 b5 13.Bg5 Bb7 14.Qd3 g6 15.a3 Nc4
16.Rab1 Rc8 17.Ne5 Nb6 18.Qh3 Nbd5 19.Nxd5 Qxd5 20.Bb3 Qd6 21.Qh4 Nd5 22.Bxe7 Qxe7
23.Qh6 Nf6 24.Rd3 Be4 25.Rbd1 Bxd3 26.Rxd3 Rfd8 27.Qg5 Nd5 28.Qh6 Qf8 29.Qd2 Rc7
30.h4 Ne7 31.h5 Nf5 32.hxg6 hxg6 33.g4 Nd6 34.Nxg6 Qg7 35.Ne5 Nc4 36.Bxc4 bxc4
37.Qa5 f6 38.Nxc4 Kf8 39.Ne3 Rc1+ 40.Kg2 Qb7+ 41.d5 Rd6 42.Qd2 Rb1 43.b4 Qh7
44.Nf1 Qg6 45.f3 Ke7 46.Re3 Qh7 47.Qc3 Rxd5 48.Qc7+ Rd7 49.Qc5+ Kf7 50.Qc4 Re7
51.Qxa6 Qc2+ 52.Re2 Qc1 53.Rd2 Rb3 54.Rd3 Rb2+ 55.Kg1 Qe1 56.Qb6 Qe2 57.Rd2 Rxd2
58.Nxd2 Qxd2 59.Qa5 Qe1+ 60.Kg2 Rd7 61.Qh5+ Kg7 62.Qe8 Rd2+ 63.Kh3 Qh1+ 64.Kg3 Qh2+  0-1

[Event "5th Highlands Open A"]
[Site "Zdar nad Sazavou CZE"]
[Date "2008.09.28"]
[Round "9"]
[White "Zpevak,P"]
[Black "Simacek,P"]
[Result "1/2-1/2"]
[WhiteElo "2423"]
[BlackElo "2470"]

1.d4 d5 2.Nf3 Nf6 3.c4 dxc4 4.e3 c5 5.Bxc4 e6 6.O-O a6 7.Qe2 b5 8.Bb3 Bb7
9.Rd1 Nbd7 10.a4 b4 11.Nbd2 cxd4 12.exd4 Be7 13.Ne5 Nd5 14.Ndf3 O-O 15.Bd2 Rc8
16.a5 Nxe5 17.Nxe5 Qd6 18.Rac1 Nf6 19.f3 Rfd8 20.Qe1 Qb8 21.Qe2 Qa7 22.Be1 Rd6
23.Qe3 Nd5 24.Qe2 Nf4  1/2-1/2

[Event "ch-Commonwealth"]
[Site "Nagpur IND"]
[Date "2008.10.03"]
[Round "7"]
[White "Atishay,A"]
[Black "Ashwini,U"]
[Result "1-0"]
[WhiteElo "1931"]
[BlackElo "1693"]

1.d4 d5 2.Nf3 Nf6 3.c4 dxc4 4.e3 e6 5.Bxc4 c5 6.O-O Nc6 7.Nc3 cxd4 8.exd4 Nb4
9.Bg5 Be7 10.Re1 O-O 11.Ne5 Nbd5 12.Bb3 h6 13.Bh4 a6 14.a3 Qe8 15.Bxd5 g5
16.Bxg5 hxg5 17.Bb3 b5 18.d5 exd5 19.Nxd5 Nxd5 20.Bxd5 Ra7 21.Qd4 Rc7 22.Ng6 Kh7
23.Nxf8+ Qxf8 24.Rad1 Bc5 25.Qe4+ Kg8 26.Qg6+ Kh8 27.Qh5+ Kg8 28.Qxg5+ Kh8
29.Re4 Rc6 30.Bxc6 Be7 31.Rh4+ Qh6 32.Rxh6+  1-0

[Event "1st WMSG Rapid Ind"]
[Site "Beijing CHN"]
[Date "2008.10.06"]
[Round "7"]
[White "Kraai,J"]
[Black "Gonzalez Garcia,J2"]
[Result "1/2-1/2"]
[WhiteElo "2502"]
[BlackElo "2508"]

1.Nf3 d5 2.d4 Nf6 3.c4 dxc4 4.e3 e6 5.Bxc4 c5 6.O-O Nc6 7.Qe2 cxd4 8.Rd1 Be7
9.exd4 O-O 10.Nc3 Na5 11.Bd3 b6 12.Ne5 Bb7 13.Qe3 Nd5 14.Qh3 f5 15.Bf1 Rc8
16.Bd2 Bg5 17.Nxd5 Bxd5 18.Bb4 Be7 19.Bc3 Nc6 20.Be2 Nxe5 21.dxe5 Qc7 22.Bf3  1/2-1/2

[Event "Chigorin Memorial"]
[Site "St Petersburg RUS"]
[Date "2008.10.06"]
[Round "4"]
[White "Kuzmin,Yuriy"]
[Black "Khuseinkhodzhaev,M"]
[Result "0-1"]
[WhiteElo "2122"]
[BlackElo "2375"]

1.d4 d5 2.Nf3 Nf6 3.c4 dxc4 4.e3 e6 5.Bxc4 c5 6.O-O a6 7.Qe2 Nc6 8.dxc5 Bxc5
9.Rd1 Qc7 10.a3 b5 11.Ba2 O-O 12.b4 Be7 13.Bb2 a5 14.bxa5 Rxa5 15.Qc2 Qb6
16.Ng5 h6 17.Bxf6 hxg5 18.Bxe7 Nxe7 19.Nd2 Bb7 20.Bb1 g6 21.Nb3 Ra4 22.Qc5 Qxc5
23.Nxc5 Ra7 24.Rd7 Rc8 25.Be4 Rxc5 26.Rxe7 Rxa3 27.Rd1 Bxe4 28.f3 Bc6 29.Rd8+ Kg7  0-1

[Event "58th TCh m 1st Div"]
[Site "Borovets BUL"]
[Date "2008.10.07"]
[Round "7"]
[White "Ivanov,Jo"]
[Black "Bratanov,Z"]
[Result "1/2-1/2"]
[WhiteElo "2428"]
[BlackElo "2467"]

1.d4 d5 2.c4 dxc4 3.Nf3 Nf6 4.e3 e6 5.Bxc4 c5 6.O-O Nc6 7.Qe2 cxd4 8.Rd1 Be7
9.exd4 O-O 10.Nc3 Na5 11.Bd3 b6 12.Bg5 Bb7 13.Ne5 Nd5 14.Qh5 g6 15.Nxg6 fxg6
16.Bxg6 hxg6 17.Qxg6+ Kh8 18.Qh6+ Kg8 19.Qg6+ Kh8 20.Qh6+ Kg8 21.Qg6+ Kh8
22.Qh6+ Kg8 23.Qg6+  1/2-1/2

[Event "Chigorin Memorial"]
[Site "St Petersburg RUS"]
[Date "2008.10.07"]
[Round "5"]
[White "Makarov,M"]
[Black "Demina,J"]
[Result "1/2-1/2"]
[WhiteElo "2536"]
[BlackElo "2357"]

1.d4 d5 2.c4 dxc4 3.Nf3 Nf6 4.e3 e6 5.Bxc4 c5 6.Qe2 a6 7.dxc5 Bxc5 8.O-O O-O
9.a3 b6 10.b4 Be7 11.Bb2 Nbd7 12.Nbd2 Bb7 13.Rac1  1/2-1/2

[Event "1st WMSG Rapid Pair"]
[Site "Beijing CHN"]
[Date "2008.10.11"]
[Round "8"]
[White "Batchuluun,C"]
[Black "Sarakauskas,G"]
[Result "1-0"]
[WhiteElo "2346"]
[BlackElo "2429"]

1.d4 d5 2.c4 dxc4 3.Nf3 Nf6 4.e3 e6 5.Bxc4 c5 6.O-O a6 7.dxc5 Bxc5 8.Qxd8+ Kxd8
9.b3 Ke7 10.Bb2 b5 11.Be2 Bb7 12.a4 bxa4 13.Rxa4 Nbd7 14.Nbd2 Nb6 15.Ra5 Bb4
16.Ba3 Bxa3 17.Rxa3 Rhc8 18.Rfa1 Rc2 19.Bxa6 Bxf3 20.Nxf3 Ne4 21.Nd4 Rb2
22.f3 Nc5 23.Bc4 Rxa3 24.Rxa3 Nxc4 25.bxc4 Rb1+ 26.Kf2 Rc1 27.Ra7+ Kf6 28.Nc6 Nd3+
29.Ke2 Rxc4 30.Nd8 Ne5 31.f4 Rc2+ 32.Kd1 Rxg2 33.fxe5+ Kxe5 34.Nxf7+ Ke4
35.Ra3 Rxh2 36.Ng5+ Kf5 37.Ra5+ e5 38.Nf3 Rf2 39.Nxe5 Ke4 40.Ng4 Rg2 41.Ra4+ Kd3
42.Rd4+ Kc3 43.Ke1 h5 44.Nf2 Rg6 45.Rd5 Rh6 46.Rc5+ Kb3 47.Rg5 g6 48.Nh3 h4
49.Ke2 Kc4 50.Kf3 Rh8 51.Rxg6 Kd5 52.Rg5+ Kd6 53.Rg4 Ke5 54.Ra4 Rf8+ 55.Ke2 Rh8
56.Ra5+ Kf6 57.Kf3 Rg8 58.Nf4 Rg3+ 59.Ke4 Rg1 60.Ra6+ Kg7 61.Kf5 Rf1 62.Rg6+ Kf7
63.Rh6 Rh1 64.e4 Kg7 65.Rh5 Kf7 66.e5 Kg7 67.e6 Kg8 68.Kf6 Rf1 69.Rxh4 Rg1
70.Rh5 Rg7 71.Ra5 Kh7 72.e7  1-0